00734nam a22002057a 4500003000400000005001700004008004100021020001800062100002900080245005500109260003700164440007300201653001600274653002900290653004500319653003900364653004900403653003100452856004500483OSt20221207153953.0221207b |||||||| |||| 00| 0 eng d a9780511812231 aMonahan, John F eAuthor aNumerical methods of statisticscby John F Monahan bCambridge University Pressc2011 aCambridge series in statistical and probabilistic mathematics; no. 7 aMathematics aComputational Statistics aMachine Learning and Information Science aGeneral Statistics and Probability aNumerical Analysis and Computational Science aStatistics and Probability uhttps://doi.org/10.1017/CBO9780511812231